Reforma agraria y revolución popular en América Latina. (Record no. 65674)

MARC details
000 -LEADER
fixed length control field 00524cam a2200157 4500
008 - FIXED-LENGTH DATA ELEMENTS--GENERAL INFORMATION
fixed length control field 1982 spa
050 #4 - LIBRARY OF CONGRESS CALL NUMBER
Classification number HD1333
Item number .H57 E52 1982
110 2# - MAIN ENTRY--CORPORATE NAME
Corporate name or jurisdiction name as entry element Encuentro Continental sobre Reforma agraria y movimientos campesinos (1°: 1981 : Managua, Nicaragua)
245 #0 - TITLE STATEMENT
Title Reforma agraria y revolución popular en América Latina.
260 ## - PUBLICATION, DISTRIBUTION, ETC. (IMPRINT)
Place of publication, distribution, etc Managua, Nicaragua :
Name of publisher, distributor, etc CIERA,
Date of publication, distribution, etc 1982
300 ## - PHYSICAL DESCRIPTION
Extent 142 p. ;
Dimensions 22 cm.
500 ## - GENERAL NOTE
General note 1 ejemplar
942 ## - ADDED ENTRY ELEMENTS (KOHA)
Source of classification or shelving scheme Biblioteca del Cogreso de los Estados Unidos
Koha item type Libro
Holdings
Estado de pérdida Fuente de clasificación Estado del daño No para préstamo Ubicación permanente Ubicación actual Apartado o colección Fecha de adquisición Edición Dependencia de educación superior (DES) Área del conocimiento Clasificación Código de Barras Date last seen Número de copia Tipo de recurso
  Biblioteca del Cogreso de los Estados Unidos     Biblioteca del Instituto de Investigaciones Históricas Biblioteca del Instituto de Investigaciones Históricas General 21/08/2018 1a ed. Humanidades Ciencias Sociales y Administrativas HD1333 .H57 E52 1982 IIH000024869 21/08/2018 C:1 Libro